<?xml version="1.0" encoding="UTF-8"?><?xml-stylesheet type="text/xsl" href="static/style.xsl"?><OAI-PMH xmlns="http://www.openarchives.org/OAI/2.0/" xmlns:xsi="http://www.w3.org/2001/XMLSchema-instance" xsi:schemaLocation="http://www.openarchives.org/OAI/2.0/ http://www.openarchives.org/OAI/2.0/OAI-PMH.xsd"><responseDate>2026-06-06T18:28:03Z</responseDate><request verb="GetRecord" identifier="oai:riuma.uma.es:10630/6427" metadataPrefix="marc">https://riuma.uma.es/rest/oai/request</request><GetRecord><record><header><identifier>oai:riuma.uma.es:10630/6427</identifier><datestamp>2026-02-03T12:52:58Z</datestamp><setSpec>com_10630_5701</setSpec><setSpec>com_10630_3139</setSpec><setSpec>com_10630_10</setSpec><setSpec>col_10630_6408</setSpec></header><metadata><record xmlns="http://www.loc.gov/MARC21/slim" xmlns:dcterms="http://purl.org/dc/terms/" xmlns:doc="http://www.lyncode.com/xoai" xmlns:xsi="http://www.w3.org/2001/XMLSchema-instance" xsi:schemaLocation="http://www.loc.gov/MARC21/slim http://www.loc.gov/standards/marcxml/schema/MARC21slim.xsd">
   <leader>00925njm 22002777a 4500</leader>
   <datafield ind2=" " ind1=" " tag="042">
      <subfield code="a">dc</subfield>
   </datafield>
   <datafield ind2=" " ind1=" " tag="720">
      <subfield code="a">Pezzi-Cristóbal, María del Pilar</subfield>
      <subfield code="e">author</subfield>
   </datafield>
   <datafield ind2=" " ind1=" " tag="720">
      <subfield code="a">Villas Tinoco, Siro Luis</subfield>
      <subfield code="e">author</subfield>
   </datafield>
   <datafield ind2=" " ind1=" " tag="260">
      <subfield code="c">2011</subfield>
   </datafield>
   <datafield ind2=" " ind1=" " tag="520">
      <subfield code="a">En este trabajo analizamos el proceso de génesis, proyecto, desarrollo, montaje, realización del catálogo y exhibición de la exposición “Málaga Moderna. Siglos XVI, XVII y XVIII”, compuesta por un variado material procedente de cuatro ciudades malagueñas. A través de documentos, bibliografía, escultura, pintura, orfebrería, armamento, instrumentación, elementos de la vida cotidiana, genealogía y paneles explicativos pretendíamos acercar la vida de los malagueños de la Edad Moderna en su más amplia dimensión hacia los visitantes actuales.</subfield>
   </datafield>
   <datafield ind2=" " ind1=" " tag="520">
      <subfield code="a">In this work we analyze the origins, project, development, montage, catalogue elaboration and display of the exhibition Modern Malaga. 16th, 17th and 18th Centuries, that comprises varied material from four towns of Malaga. Through documentation, bibliography, genealogy, sculpture, painting, pieces of precious metals, armaments, instruments and other elements of daily life, as well as explanatory panels, we have tried to show visitors the life in Malaga during the modern period in its broadest dimension.</subfield>
   </datafield>
   <datafield ind1="8" ind2=" " tag="024">
      <subfield code="a">PEZZI CRISTOBAL, PILAR; VILLAS TINOCO, SIRO LUIS "La exposición "Málaga Moderna. Siglos XVI, XVII y XVIII" Baética, 33, 2011, 359-372</subfield>
   </datafield>
   <datafield ind1="8" ind2=" " tag="024">
      <subfield code="a">0210-9506</subfield>
   </datafield>
   <datafield ind1="8" ind2=" " tag="024">
      <subfield code="a">http://hdl.handle.net/10630/6427</subfield>
   </datafield>
   <datafield tag="653" ind2=" " ind1=" ">
      <subfield code="a">Málaga Moderna : S. XVI, XVII Y XVIII - Exposición</subfield>
   </datafield>
   <datafield ind2="0" ind1="0" tag="245">
      <subfield code="a">La exposición "Málaga Moderna. Siglos XVI, XVII y XVIII"</subfield>
   </datafield>
</record>
</metadata></record></GetRecord></OAI-PMH>